000 00406nam a22001457a 4500
005 20200710114835.0
008 200710b xxu||||| |||| 00| 0 eng d
082 _a345.4005 DEB-I
100 _aDEB, ASHOK KUMAR
_96282
245 _aINDIAN BAR REVIEW Vol. XXXVII (3TO 4) 2010(JULY TO DEC)
260 _aNEW DELHI
_bBAR COUNCIAL OF INDIA TRUST
_c2010
300 _a228p.
650 _aLAW
_95701
942 _cJRL
999 _c7403
_d7401